Statistics for This is Greece - Pictures

Click here to take the quiz!

General Stats

  • This quiz has been taken 32 times
  • The average score is 9 of 16

Answer Stats

Answer % Correct
The Parthenon
93%
Athens
86%
Mount Olympus
75%
Alexander the Great
64%
Acropolis
61%
Santorini
61%
Socrates
57%
Aristotle Onassis
54%
Maria Callas
50%
El Greco
50%
Mykonos
46%
Moussaka
46%
Meteora
39%
Kalamata Olives
36%
Olympia
18%
Temple of Athena
14%

Score Distribution

Percentile by Number Answered

Percent of People with Each Score

Your Score History

You have not taken this quiz